La inflación: un fenómeno mundial

Uloženo v:
Podrobná bibliografie
Hlavní autoři: Meiselman, David I. (autor), Laffer, Arthur B (Autor)
Médium: Kniha
Jazyk:španělština
Vydáno: Buenos Aires Tres Tiempos 1977
Edice:Ensayos, 6
Témata:
Tagy: Přidat tag
Žádné tagy, Buďte první, kdo vytvoří štítek k tomuto záznamu!

MARC

LEADER 00000nam a2200000 a 4500
001 UCR7942
003 CL-VaPUC
008 980519e19770000AG |||||||||||||||||spa|d
082 0 4 |a 330.41  |b MEI  |2 21 
100 |a Meiselman, David I.  |e autor  |9 409503 
700 0 |a Laffer, Arthur B  |e author  |9 409504 
245 1 3 |a La inflación: un fenómeno mundial 
300 |a 251 p 
942 |c BK 
945 |d 19980519 00:00:00  |a crobeson 
260 |a Buenos Aires  |b Tres Tiempos  |c 1977 
650 0 |a Inflación   |9 257218 
650 0 |a Condiciones económicas  |9 258255 
650 0 |a Economía   |9 255568 
583 |a last modification  |c 19980519 00:00:00  |k Rodrigo Vera 
490 0 |a Ensayos, 6 
999 |c 269517  |d 269515 
952 |0 0  |1 0  |4 0  |6 330_410000000000000_MEI_1977  |7 0  |8 A  |9 303271  |a BIBGIM  |b BIBGIM  |d 2019-11-20  |i 1400134  |o 330.41 MEI 1977  |p 1400134  |r 2025-01-15  |w 2019-11-20  |y BK  |k COM